<?xml version="1.0" encoding="UTF-8"?>
<record
    xmlns:xsi="http://www.w3.org/2001/XMLSchema-instance"
    xsi:schemaLocation="http://www.loc.gov/MARC21/slim http://www.loc.gov/standards/marcxml/schema/MARC21slim.xsd"
    xmlns="http://www.loc.gov/MARC21/slim">

  <leader>02415cam a2200337 i 4500</leader>
  <controlfield tag="003">SA-RiAUC</controlfield>
  <controlfield tag="005">20250715060919.0</controlfield>
  <controlfield tag="008">250714s2002    le     g      000 f ara c</controlfield>
  <datafield tag="020" ind1=" " ind2=" ">
    <subfield code="a">9781855165670</subfield>
  </datafield>
  <datafield tag="020" ind1=" " ind2=" ">
    <subfield code="a">1855165678</subfield>
  </datafield>
  <datafield tag="040" ind1=" " ind2=" ">
    <subfield code="a">SA-JeALM</subfield>
    <subfield code="b">ara</subfield>
    <subfield code="c">SA-RiAUC</subfield>
    <subfield code="e">rda</subfield>
  </datafield>
  <datafield tag="041" ind1="1" ind2=" ">
    <subfield code="a">ara</subfield>
    <subfield code="h">fre</subfield>
  </datafield>
  <datafield tag="050" ind1=" " ind2="4">
    <subfield code="b">C45125 2002</subfield>
  </datafield>
  <datafield tag="082" ind1="0" ind2="4">
    <subfield code="a">813.03</subfield>
    <subfield code="q">SA-RiAUC</subfield>
  </datafield>
  <datafield tag="090" ind1=" " ind2=" ">
    <subfield code="a">813.03 </subfield>
    <subfield code="b">&#x627; &#x628; &#x648; &#x62F;</subfield>
  </datafield>
  <datafield tag="100" ind1="1" ind2=" ">
    <subfield code="a">&#x623;&#x628;&#x648; &#x62F;&#x647;&#x645;&#x627;&#x646;&#x60C; &#x623;&#x62D;&#x645;&#x62F;&#x60C;</subfield>
    <subfield code="d">1949-</subfield>
    <subfield code="e">&#x645;&#x624;&#x644;&#x641;.</subfield>
  </datafield>
  <datafield tag="240" ind1="1" ind2="3">
    <subfield code="a">La Ceinture.</subfield>
    <subfield code="l">Arabic</subfield>
  </datafield>
  <datafield tag="245" ind1="1" ind2="2">
    <subfield code="a">&#x627;&#x644;&#x62D;&#x632;&#x627;&#x645; /</subfield>
    <subfield code="c">&#x623;&#x62D;&#x645;&#x62F; &#x623;&#x628;&#x648; &#x62F;&#x647;&#x645;&#x627;&#x646;.</subfield>
  </datafield>
  <datafield tag="250" ind1=" " ind2=" ">
    <subfield code="a">&#x627;&#x644;&#x637;&#x628;&#x639;&#x629; &#x627;&#x644;&#x623;&#x648;&#x644;&#x649;.</subfield>
  </datafield>
  <datafield tag="264" ind1=" " ind2="1">
    <subfield code="a">&#x628;&#x64A;&#x631;&#x648;&#x62A; &#x61B;</subfield>
    <subfield code="a">London :</subfield>
    <subfield code="b">&#x62F;&#x627;&#x631; &#x627;&#x644;&#x633;&#x627;&#x642;&#x64A;&#x60C;</subfield>
    <subfield code="c">2001</subfield>
  </datafield>
  <datafield tag="300" ind1=" " ind2=" ">
    <subfield code="a">160 &#x635;&#x641;&#x62D;&#x629; &#x61B;</subfield>
    <subfield code="c">21 &#xD7; 14 &#x633;&#x645;</subfield>
  </datafield>
  <datafield tag="336" ind1=" " ind2=" ">
    <subfield code="a">&#x646;&#x635;</subfield>
    <subfield code="b">txt</subfield>
    <subfield code="2">rdacontent</subfield>
    <subfield code="3">&#x643;&#x62A;&#x627;&#x628;</subfield>
  </datafield>
  <datafield tag="337" ind1=" " ind2=" ">
    <subfield code="a">&#x628;&#x62F;&#x648;&#x646; &#x648;&#x633;&#x64A;&#x637;</subfield>
    <subfield code="b">n</subfield>
    <subfield code="2">rdamedia</subfield>
  </datafield>
  <datafield tag="338" ind1=" " ind2=" ">
    <subfield code="a">&#x645;&#x62C;&#x644;&#x62F;</subfield>
    <subfield code="b">nc</subfield>
    <subfield code="2">rdacarrier</subfield>
  </datafield>
  <datafield tag="500" ind1=" " ind2=" ">
    <subfield code="a">&#x635;&#x648;&#x631;&#x629; &#x627;&#x644;&#x63A;&#x644;&#x627;&#x641; : Thierry Mauger</subfield>
  </datafield>
  <datafield tag="520" ind1=" " ind2=" ">
    <subfield code="a">&#x62A;&#x62F;&#x648;&#x631; &#x623;&#x62D;&#x62F;&#x627;&#x62B; &#x631;&#x648;&#x627;&#x64A;&#x629; "&#x627;&#x644;&#x62D;&#x632;&#x627;&#x645;" &#x62D;&#x648;&#x644; &#x634;&#x62E;&#x635;&#x64A;&#x629; &#x631;&#x626;&#x64A;&#x633;&#x64A;&#x629; &#x62A;&#x639;&#x627;&#x646;&#x64A; &#x645;&#x646; &#x635;&#x631;&#x627;&#x639; &#x62F;&#x627;&#x62E;&#x644;&#x64A; &#x634;&#x62F;&#x64A;&#x62F;. &#x64A;&#x62D;&#x627;&#x648;&#x644; &#x627;&#x644;&#x628;&#x637;&#x644; &#x627;&#x644;&#x62A;&#x639;&#x627;&#x64A;&#x634; &#x645;&#x639; &#x645;&#x62C;&#x645;&#x648;&#x639;&#x629; &#x645;&#x646; &#x627;&#x644;&#x62A;&#x62D;&#x62F;&#x64A;&#x627;&#x62A; &#x627;&#x644;&#x62A;&#x64A; &#x62A;&#x641;&#x631;&#x636;&#x647;&#x627; &#x639;&#x644;&#x64A;&#x647; &#x627;&#x644;&#x62D;&#x64A;&#x627;&#x629; &#x627;&#x644;&#x627;&#x62C;&#x62A;&#x645;&#x627;&#x639;&#x64A;&#x629; &#x648;&#x627;&#x644;&#x627;&#x642;&#x62A;&#x635;&#x627;&#x62F;&#x64A;&#x629;. &#x627;&#x644;&#x62D;&#x632;&#x627;&#x645; &#x641;&#x64A; &#x627;&#x644;&#x631;&#x648;&#x627;&#x64A;&#x629; &#x647;&#x648; &#x631;&#x645;&#x632;&#x60C; &#x64A;&#x634;&#x64A;&#x631; &#x625;&#x644;&#x649; &#x627;&#x644;&#x647;&#x645;&#x648;&#x645; &#x648;&#x627;&#x644;&#x642;&#x64A;&#x648;&#x62F; &#x627;&#x644;&#x62A;&#x64A; &#x64A;&#x639;&#x627;&#x646;&#x64A; &#x645;&#x646;&#x647;&#x627; &#x627;&#x644;&#x623;&#x641;&#x631;&#x627;&#x62F;&#x60C; &#x643;&#x645;&#x627; &#x64A;&#x631;&#x645;&#x632; &#x625;&#x644;&#x649; &#x627;&#x644;&#x62A;&#x642;&#x627;&#x644;&#x64A;&#x62F; &#x648;&#x627;&#x644;&#x636;&#x63A;&#x648;&#x637; &#x627;&#x644;&#x627;&#x62C;&#x62A;&#x645;&#x627;&#x639;&#x64A;&#x629; &#x627;&#x644;&#x62A;&#x64A; &#x62A;&#x62D;&#x62F; &#x645;&#x646; &#x62D;&#x631;&#x64A;&#x629; &#x627;&#x644;&#x625;&#x646;&#x633;&#x627;&#x646; &#x648;&#x62A;&#x62E;&#x646;&#x642; &#x62A;&#x641;&#x643;&#x64A;&#x631;&#x647; &#x648;&#x637;&#x645;&#x648;&#x62D;&#x627;&#x62A;&#x647;. &#x641;&#x64A; &#x633;&#x64A;&#x627;&#x642; &#x627;&#x644;&#x631;&#x648;&#x627;&#x64A;&#x629;&#x60C; &#x64A;&#x633;&#x62A;&#x639;&#x631;&#x636; &#x623;&#x62D;&#x645;&#x62F; &#x623;&#x628;&#x648; &#x62F;&#x647;&#x645;&#x627;&#x646; &#x62A;&#x637;&#x648;&#x631; &#x634;&#x62E;&#x635;&#x64A;&#x629; &#x627;&#x644;&#x628;&#x637;&#x644; &#x645;&#x646; &#x645;&#x631;&#x62D;&#x644;&#x629; &#x627;&#x644;&#x635;&#x631;&#x627;&#x639; &#x627;&#x644;&#x62F;&#x627;&#x62E;&#x644;&#x64A; &#x625;&#x644;&#x649; &#x627;&#x644;&#x628;&#x62D;&#x62B; &#x639;&#x646; &#x627;&#x644;&#x62D;&#x631;&#x64A;&#x629; &#x648;&#x627;&#x644;&#x62A;&#x62E;&#x644;&#x635; &#x645;&#x646; &#x627;&#x644;&#x642;&#x64A;&#x648;&#x62F; &#x627;&#x644;&#x646;&#x641;&#x633;&#x64A;&#x629; &#x648;&#x627;&#x644;&#x627;&#x62C;&#x62A;&#x645;&#x627;&#x639;&#x64A;&#x629; &#x627;&#x644;&#x62A;&#x64A; &#x62A;&#x645;&#x646;&#x639;&#x647; &#x645;&#x646; &#x62A;&#x62D;&#x642;&#x64A;&#x642; &#x630;&#x627;&#x62A;&#x647;. &#x645;&#x646; &#x62E;&#x644;&#x627;&#x644; &#x627;&#x644;&#x62D;&#x632;&#x627;&#x645;&#x60C; &#x64A;&#x631;&#x649; &#x627;&#x644;&#x642;&#x627;&#x631;&#x626; &#x643;&#x64A;&#x641; &#x64A;&#x645;&#x643;&#x646; &#x644;&#x644;&#x625;&#x646;&#x633;&#x627;&#x646; &#x623;&#x646; &#x64A;&#x634;&#x639;&#x631; &#x628;&#x627;&#x644;&#x627;&#x62D;&#x62A;&#x62C;&#x627;&#x632; &#x62F;&#x627;&#x62E;&#x644; &#x645;&#x646;&#x638;&#x648;&#x645;&#x629; &#x627;&#x62C;&#x62A;&#x645;&#x627;&#x639;&#x64A;&#x629; &#x642;&#x627;&#x633;&#x64A;&#x629; &#x648;&#x645;&#x62D;&#x62F;&#x648;&#x62F;&#x629;&#x60C; &#x648;&#x643;&#x64A;&#x641; &#x623;&#x646; &#x627;&#x644;&#x635;&#x631;&#x627;&#x639; &#x645;&#x639; &#x647;&#x630;&#x647; &#x627;&#x644;&#x642;&#x64A;&#x648;&#x62F; &#x64A;&#x62A;&#x637;&#x644;&#x628; &#x625;&#x631;&#x627;&#x62F;&#x629; &#x642;&#x648;&#x64A;&#x629; &#x648;&#x625;&#x64A;&#x645;&#x627;&#x646;&#x627; &#x628;&#x627;&#x644;&#x642;&#x62F;&#x631;&#x629; &#x639;&#x644;&#x649; &#x627;&#x644;&#x62A;&#x63A;&#x64A;&#x64A;&#x631;.</subfield>
  </datafield>
  <datafield tag="650" ind1=" " ind2="7">
    <subfield code="a">&#x627;&#x644;&#x642;&#x635;&#x635; &#x627;&#x644;&#x633;&#x639;&#x648;&#x62F;&#x64A;&#x629; (&#x641;&#x631;&#x646;&#x633;&#x64A;)</subfield>
    <subfield code="y">&#x642;&#x631;&#x646; 15 &#x647;&#x62C;&#x631;&#x64A;</subfield>
    <subfield code="v">&#x62A;&#x631;&#x62C;&#x645;&#x627;&#x62A; &#x625;&#x644;&#x649; &#x627;&#x644;&#x639;&#x631;&#x628;&#x64A;&#x629;</subfield>
    <subfield code="2">aucsh</subfield>
  </datafield>
  <datafield tag="700" ind1="1" ind2="2">
    <subfield code="i">&#x62A;&#x631;&#x62C;&#x645;&#x629; &#x644;&#x640; :</subfield>
    <subfield code="a">&#x623;&#x628;&#x648; &#x62F;&#x647;&#x645;&#x627;&#x646;&#x60C; &#x623;&#x62D;&#x645;&#x62F;&#x60C;</subfield>
    <subfield code="d">1949-.</subfield>
    <subfield code="t">La Ceinture</subfield>
  </datafield>
  <datafield tag="942" ind1=" " ind2=" ">
    <subfield code="2">ddc</subfield>
    <subfield code="c">BOOK</subfield>
    <subfield code="n">0</subfield>
  </datafield>
  <datafield tag="949" ind1=" " ind2=" ">
    <subfield code="a">SA-JeALM</subfield>
    <subfield code="d">250714</subfield>
    <subfield code="u">mohamedma123</subfield>
    <subfield code="n">1</subfield>
  </datafield>
  <datafield tag="952" ind1=" " ind2=" ">
    <subfield code="0">0</subfield>
    <subfield code="1">0</subfield>
    <subfield code="2">ddc</subfield>
    <subfield code="4">0</subfield>
    <subfield code="7">0</subfield>
    <subfield code="a">WAHAB</subfield>
    <subfield code="b">WAHAB</subfield>
    <subfield code="d">2025-07-15</subfield>
    <subfield code="l">0</subfield>
    <subfield code="o">813.03  &#x627; &#x628; &#x648; &#x62F;</subfield>
    <subfield code="p">000015796</subfield>
    <subfield code="r">2025-07-15 06:09:49</subfield>
    <subfield code="w">2025-07-15</subfield>
    <subfield code="y">BOOK</subfield>
  </datafield>
  <datafield tag="999" ind1=" " ind2=" ">
    <subfield code="c">9924</subfield>
    <subfield code="d">9924</subfield>
  </datafield>
</record>
